Taxation of land transactions

Bibliographic Details
Main Author: Mellows, Anthony R.
Format: Book
Published: London : Butterworth , 1973
Subjects:

MARC

LEADER 00000cam a2200000 7i4500
001 0000009047
005 20150903.0
020 |a 0406623902 
040 |a INS 
090 0 0 |a KD5534   |b M44 1973 
100 1 |a Mellows, Anthony R. 
245 1 0 |a Taxation of land transactions   |c by Anthony R. Mellows 
260 |a London :   |b Butterworth ,   |c 1973 
300 |a 269p ;   |c 22cm. 
650 0 0 |a real property and taxation   |z great Britain 
999 |a 0000022563   |b BOOK   |c Open Shelf   |e Default branch